[Event "Tournoi francophone 010 Groupe C"]
[Site "Skype"]
[Date "????.??.??"]
[Round "6.5"]
[White "Moumtaz, Abderrahim"]
[Black "Marino, Giuseppe"]
[Result "0-1"]
[WhiteElo "1244"]
[BlackElo "1443"]
[PlyCount "84"]

1. d4 d5 2. c4 dxc4 3. e3 c6 4. Bxc4 e6 5. Nf3 Be7 6. Nc3 Nf6 7. e4 Bb4 8. O-O
Bxc3 9. bxc3 Nxe4 10. Qc2 Nf6 11. Ba3 Nbd7 12. Rfe1 Nb6 13. Bd3 Nbd5 14. Qc1
Ne7 15. Qc2 O-O 16. Ng5 g6 17. h4 Re8 18. Bxe7 Qxe7 19. Qe2 Nd5 20. Qc2 Bd7 21.
Rab1 Rab8 22. c4 Nb4 23. Qd2 Nxd3 24. Qxd3 Red8 25. d5 Bc8 26. Re5 f6 27. Nxe6
fxe5 28. Nxd8 Qxd8 29. Qe4 Bf5 30. Qe1 Bxb1 31. Qxb1 cxd5 32. cxd5 Qxd5 33. Qb2
Rd8 34. Kh2 b6 35. Qe2 Qd4 36. g3 Rf8 37. Kg2 e4 38. h5 gxh5 39. a3 Qd5 40. Qe3
Rf3 41. Qc1 e3 42. Qc8+ Rf8+ 0-1

[Event "Tournoi francophone 010 Groupe C"]
[Site "Skype"]
[Date "????.??.??"]
[Round "7.1"]
[White "Marino, Giuseppe"]
[Black "Amato, Ludovica"]
[Result "1/2-1/2"]
[WhiteElo "1443"]
[BlackElo "1379"]
[PlyCount "55"]

1. d4 d5 2. Nf3 Nf6 3. Bf4 c5 4. c3 Nc6 5. e3 Qb6 6. b3 Bf5 7. h3 h6 8. Be2 e6
9. O-O Be7 10. Re1 O-O 11. Be5 Nxe5 12. Nxe5 Qd8 13. Bd3 Bxd3 14. Nxd3 cxd4 15.
exd4 Rc8 16. Qc1 Rc7 17. Nd2 Qc8 18. c4 dxc4 19. bxc4 Rd8 20. Qb2 Rcd7 21. d5
exd5 22. cxd5 Nxd5 23. Rac1 Nc7 24. Nf3 Bf6 25. Nde5 Re7 26. a3 Rde8 27. a4 Qf5
28. Qxb7 1/2-1/2

[Event "Tournoi francophone 010 Groupe C"]
[Site "Skype"]
[Date "????.??.??"]
[Round "7.2"]
[White "Rodriguez, Nathalie"]
[Black "Moumtaz, Abderrahim"]
[Result "1-0"]
[WhiteElo "1319"]
[BlackElo "1244"]
[PlyCount "139"]

1. d4 Nf6 2. Nf3 c6 3. e3 d5 4. Be2 Bf5 5. Nbd2 e6 6. c3 Bd6 7. h3 h6 8. Ne5
Nbd7 9. O-O Nxe5 10. dxe5 Bxe5 11. f4 Bd6 12. Qb3 b6 13. c4 O-O 14. cxd5 cxd5
15. Bd3 Bxd3 16. Qxd3 Re8 17. b3 Rc8 18. Bb2 Qe7 19. Rac1 Rc7 20. Rc3 Rec8 21.
Rfc1 Rxc3 22. Rxc3 Rxc3 23. Qxc3 e5 24. fxe5 Bxe5 25. Qxe5 Qxe5 26. Bxe5 Nd7
27. Bd4 f5 28. Nf3 g5 29. Ne5 Nxe5 30. Bxe5 Kf7 31. Kf2 Ke6 32. Bb8 a6 33. Kf3
Kd7 34. Be5 Ke6 35. Bc7 b5 36. Kg3 Kd7 37. Be5 Ke6 38. Bb8 Kd7 39. h4 Ke6 40.
hxg5 hxg5 41. Kf3 Kf6 42. Bg3 Kg6 43. Bh2 Kh5 44. Be5 Kg6 45. Bd6 Kf6 46. g4
Ke6 47. Bb8 Kf6 48. Bc7 Ke6 49. Kg3 Kf6 50. Bd8+ Kg6 51. Bc7 Kf6 52. Kf3 Ke6
53. gxf5+ Kxf5 54. Kg3 Ke4 55. Bb6 Kf5 56. Bd4 b4 57. Bc5 Ke4 58. Kf2 g4 59.
Bxb4 Kd3 60. Bc5 Ke4 61. a4 Kd3 62. b4 Kc4 63. Kg3 Kb3 64. a5 Ka4 65. Kxg4 Kb5
66. Kf4 Kc4 67. Ke5 Kb5 68. Kxd5 Ka4 69. e4 Kb5 70. e5 1-0

[Event "Tournoi francophone 010 Groupe C"]
[Site "Skype"]
[Date "????.??.??"]
[Round "7.3"]
[White "Vincent, Andre"]
[Black "Bustos, Ricardo"]
[Result "1-0"]
[WhiteElo "1273"]
[BlackElo "1174"]
[PlyCount "64"]

1. e4 c5 2. Nf3 d6 3. d4 cxd4 4. Nxd4 a6 5. c4 Nf6 6. Nc3 e6 7. Be2 Nc6 8. Nxc6
bxc6 9. Bg5 Be7 10. e5 dxe5 11. Qxd8+ Bxd8 12. Rd1 O-O 13. O-O Be7 14. Bf3 Bb7
15. Rfe1 Rfe8 16. Rxe5 Rab8 17. c5 Nd5 18. Nxd5 Bxg5 19. Nb6 Rbd8 20. Rxg5
Rxd1+ 21. Bxd1 Rd8 22. Bf3 Rd2 23. g3 Rxb2 24. a4 Rb3 25. Kg2 Rd3 26. Re5 Rd8
27. a5 Rd2 28. Re2 Rd4 29. Re4 Rd8 30. Kf1 Rd3 31. Ke2 Ra3 32. Rd4 h6 1-0

[Event "Tournoi francophone 010 Groupe C"]
[Site "Skype"]
[Date "????.??.??"]
[Round "7.4"]
[White "Khabou, Taha"]
[Black "De Coninck, Philippe"]
[Result "1-0"]
[WhiteElo "1394"]
[BlackElo "1354"]
[PlyCount "27"]

1. d4 d5 2. Bf4 c6 3. e3 Nf6 4. c3 Bf5 5. Nf3 Nbd7 6. Bd3 Bxd3 7. Qxd3 e6 8.
Nbd2 Rc8 9. Ne5 c5 10. Ndf3 h6 11. Qb5 cxd4 12. Nxd4 a6 13. Qxb7 Nc5 14. Qxf7#
1-0

[Event "Tournoi francophone 010 Groupe C"]
[Site "Skype"]
[Date "????.??.??"]
[Round "7.5"]
[White "Milanese, Serge"]
[Black "Martin, Jean-Claude"]
[Result "0-1"]
[WhiteElo "1350"]
[BlackElo "1389"]
[PlyCount "32"]

1. Nf3 d5 2. d4 Nf6 3. e3 e6 4. a3 Be7 5. Nc3 O-O 6. Bd3 h6 7. O-O c5 8. dxc5
Bxc5 9. Ne5 Bd6 10. Ng4 Nxg4 11. Qxg4 e5 12. e4 Bxg4 13. exd5 Re8 14. Be4 f5
15. h3 Bxh3 16. Bxf5 Bxf5 0-1

[Event "Tournoi francophone 010 Groupe C"]
[Site "Skype"]
[Date "????.??.??"]
[Round "8.1"]
[White "Amato, Ludovica"]
[Black "Martin, Jean-Claude"]
[Result "1-0"]
[WhiteElo "1379"]
[BlackElo "1389"]
[PlyCount "43"]

1. e4 e5 2. Nf3 Nc6 3. Bc4 Bc5 4. c3 Nf6 5. d3 d6 6. h3 O-O 7. O-O h6 8. Nbd2
Re8 9. Re1 a6 10. Bb3 Bd7 11. Nf1 Na5 12. Bc2 b5 13. b4 Bxb4 14. cxb4 Nc6 15.
a3 Be6 16. Be3 a5 17. d4 Nxd4 18. Nxd4 exd4 19. Bxd4 axb4 20. axb4 Rxa1 21.
Qxa1 c6 22. Qc3 1-0

[Event "Tournoi francophone 010 Groupe C"]
[Site "Skype"]
[Date "????.??.??"]
[Round "8.2"]
[White "De Coninck, Philippe"]
[Black "Milanese, Serge"]
[Result "1-0"]
[WhiteElo "1354"]
[BlackElo "1350"]
[PlyCount "39"]

1. e4 c5 2. Nf3 e6 3. d4 cxd4 4. Nxd4 Nc6 5. Be3 a6 6. Be2 Nf6 7. Nc3 Bc5 8.
Nxc6 bxc6 9. Bxc5 d6 10. Be3 O-O 11. O-O e5 12. Bg5 Bb7 13. Qd2 h6 14. Bh4 g5
15. Bxg5 hxg5 16. Qxg5+ Kh7 17. Rad1 Rg8 18. Qh4+ Kg7 19. Rd3 Rh8 20. Rg3+ 1-0

[Event "Tournoi francophone 010 Groupe C"]
[Site "Skype"]
[Date "????.??.??"]
[Round "8.3"]
[White "Bustos, Ricardo"]
[Black "Khabou, Taha"]
[Result "0-1"]
[WhiteElo "1174"]
[BlackElo "1394"]
[PlyCount "58"]

1. d4 d5 2. c4 e6 3. Nf3 Nf6 4. Nc3 c5 5. cxd5 Nxd5 6. e4 Nxc3 7. bxc3 cxd4 8.
Qxd4 Qxd4 9. cxd4 Bb4+ 10. Bd2 Bxd2+ 11. Nxd2 O-O 12. Be2 Nc6 13. Nf3 Rd8 14.
Rd1 b6 15. O-O Bb7 16. d5 exd5 17. exd5 Nb4 18. Bc4 Nxd5 19. Rd4 Nf6 20. Rfd1
Rxd4 21. Nxd4 Rd8 22. Bb3 Ne4 23. Ne6 Rxd1+ 24. Bxd1 fxe6 25. Bb3 Nc5 26. Bc4
Kf7 27. f3 Kf6 28. Kf2 Bd5 29. Bxd5 exd5 0-1

[Event "Tournoi francophone 010 Groupe C"]
[Site "Skype"]
[Date "????.??.??"]
[Round "8.4"]
[White "Moumtaz, Abderrahim"]
[Black "Vincent, Andre"]
[Result "1-0"]
[WhiteElo "1244"]
[BlackElo "1273"]
[PlyCount "81"]

1. d4 Nf6 2. c4 d5 3. cxd5 Nxd5 4. e4 Nb6 5. Nf3 N8d7 6. a4 a5 7. Nc3 c6 8. Bd3
g6 9. O-O Bg7 10. Be3 Nf8 11. Qd2 Ne6 12. Be2 O-O 13. Rfd1 Qc7 14. Rac1 Rd8 15.
Bf1 Qd7 16. Ne2 Nc4 17. Rxc4 b6 18. Bh6 Ba6 19. Rc3 Bxe2 20. Bxe2 Bxd4 21. Rb3
Rab8 22. Be3 Nc5 23. Ra3 Nxe4 24. Qxd4 Qxd4 25. Bxd4 c5 26. Be5 Rxd1+ 27. Bxd1
Rd8 28. Be2 Nd2 29. Nxd2 Rxd2 30. Re3 f6 31. Bc3 Rd7 32. Bg4 f5 33. Bf3 Kf7 34.
Be2 e6 35. f4 Rd5 36. Bc4 Rd6 37. Be5 Rd1+ 38. Kf2 Rc1 39. b3 Rc2+ 40. Kg3 h6
41. Bc7 1-0

[Event "Tournoi francophone 010 Groupe C"]
[Site "Skype"]
[Date "????.??.??"]
[Round "8.5"]
[White "Marino, Giuseppe"]
[Black "Rodriguez, Nathalie"]
[Result "1-0"]
[WhiteElo "1443"]
[BlackElo "1319"]
[PlyCount "73"]

1. d4 d5 2. Bf4 Nc6 3. c3 Nf6 4. h3 h6 5. e3 e6 6. Bd3 Be7 7. Nf3 Ne4 8. O-O
O-O 9. Nbd2 f5 10. a3 a6 11. Ne5 Nxe5 12. Bxe5 Bf6 13. Bxf6 Qxf6 14. Nf3 f4 15.
exf4 Qxf4 16. Re1 Bd7 17. Qc2 Bb5 18. Bxe4 dxe4 19. Rxe4 Qf6 20. Rae1 Bc6 21.
Rxe6 Qf7 22. R6e3 Qf4 23. Ne5 Qg5 24. Nxc6 bxc6 25. Rg3 Qf4 26. Rf3 Qg5 27.
Rxf8+ Rxf8 28. Re3 Rf6 29. Rg3 Qf4 30. Rf3 Qg5 31. Rxf6 Qxf6 32. Qb3+ Kh7 33.
Qb7 Qe6 34. Qxa6 Qe1+ 35. Qf1 Qe6 36. Qa1 Qb3 37. a4 1-0

[Event "Tournoi francophone 010 Groupe C"]
[Site "Skype"]
[Date "????.??.??"]
[Round "9.1"]
[White "Rodriguez, Nathalie"]
[Black "Amato, Ludovica"]
[Result "0-1"]
[WhiteElo "1319"]
[BlackElo "1379"]
[PlyCount "82"]

1. d4 d5 2. Nf3 Nf6 3. h3 h6 4. e3 Bf5 5. Nbd2 e6 6. Be2 c5 7. c3 Be7 8. Qa4+
Nbd7 9. dxc5 Bxc5 10. Nd4 Bg6 11. O-O O-O 12. f4 Qe7 13. b4 Bb6 14. c4 Bxd4 15.
exd4 dxc4 16. Bxc4 Nb6 17. Qb3 Nxc4 18. Qxc4 Rac8 19. Qb3 Rfd8 20. Bb2 Nd5 21.
a3 Qf6 22. g3 Qf5 23. Kg2 Qc2 24. Qxc2 Rxc2 25. Rf2 Rxb2 26. Re1 Ne7 27. Ne4
Rxf2+ 28. Kxf2 Rxd4 29. Nc5 b6 30. Nb3 Rd3 31. Nc1 Rxa3 32. Re3 Rxe3 33. Kxe3
Nd5+ 34. Kd2 Nxb4 35. Kc3 a5 36. Kb3 Nd3 37. Nxd3 Bxd3 38. Ka4 g5 39. fxg5 hxg5
40. g4 Bf1 41. Kb3 Bxh3 0-1

[Event "Tournoi francophone 010 Groupe C"]
[Site "Skype"]
[Date "????.??.??"]
[Round "9.2"]
[White "Vincent, Andre"]
[Black "Marino, Giuseppe"]
[Result "0-1"]
[WhiteElo "1273"]
[BlackElo "1443"]
[PlyCount "64"]

1. c4 e5 2. g3 d6 3. Bg2 c6 4. d4 exd4 5. Qxd4 Nf6 6. Nf3 Be7 7. O-O O-O 8. Nc3
Re8 9. Bf4 Bf8 10. Bg5 Be7 11. e4 h6 12. Bd2 Na6 13. Ne2 Nc5 14. Nc3 a5 15. a4
Nb3 16. Qd3 Nxa1 17. Rxa1 Bg4 18. h3 Bxf3 19. Bxf3 Qd7 20. Kg2 Qc7 21. Be3 Nd7
22. Bd4 Ne5 23. Bxe5 dxe5 24. Rd1 Rad8 25. Qc2 Rxd1 26. Bxd1 Bg5 27. Ne2 Rd8
28. f4 exf4 29. Kf3 fxg3 30. Nxg3 Qf4+ 31. Kg2 Rd2+ 32. Ne2 Rxc2 0-1

[Event "Tournoi francophone 010 Groupe C"]
[Site "Skype"]
[Date "????.??.??"]
[Round "9.3"]
[White "Khabou, Taha"]
[Black "Moumtaz, Abderrahim"]
[Result "1/2-1/2"]
[WhiteElo "1394"]
[BlackElo "1244"]
[PlyCount "95"]

1. d4 Nf6 2. Bf4 c6 3. Nf3 d5 4. e3 Bf5 5. Bd3 Bxd3 6. Qxd3 Nbd7 7. Nbd2 e6 8.
c3 Be7 9. Ne5 Nxe5 10. dxe5 Nh5 11. Nf3 Nxf4 12. exf4 O-O 13. g4 f6 14. Nd4 Qc8
15. Rg1 fxe5 16. fxe5 Bh4 17. Rg2 Qd7 18. Nf3 Be7 19. h4 Qd8 20. Rh2 Rf4 21. g5
Qf8 22. Rh3 Re4+ 23. Kd2 Qf4+ 24. Kc2 Qf5 25. Rg3 Re2+ 26. Nd2 Qxd3+ 27. Kxd3
Rxf2 28. Rg4 Raf8 29. Rb1 R8f4 30. Rxf4 Rxf4 31. Rh1 Rf5 32. Re1 Rf4 33. Rh1
Rf5 34. Kd4 c5+ 35. Kd3 Rxe5 36. Rf1 Bd6 37. Nf3 Re4 38. b3 Bf4 39. Re1 Rxe1
40. Nxe1 e5 41. Ng2 g6 42. c4 d4 43. Ke4 Kf7 44. Nxf4 exf4 45. Kxf4 Ke6 46. Ke4
b6 47. a3 a6 48. b4 1/2-1/2

[Event "Tournoi francophone 010 Groupe C"]
[Site "Skype"]
[Date "????.??.??"]
[Round "9.4"]
[White "Milanese, Serge"]
[Black "Bustos, Ricardo"]
[Result "1/2-1/2"]
[WhiteElo "1350"]
[BlackElo "1174"]
[PlyCount "60"]

1. e4 c5 2. Nf3 e6 3. d4 cxd4 4. Nxd4 a6 5. Nc3 Qc7 6. a3 Nf6 7. Be2 Be7 8. Bg5
O-O 9. Nf3 d6 10. Qd2 Nc6 11. Bd3 b5 12. O-O Ne5 13. Nxe5 dxe5 14. Bxf6 Bxf6
15. g3 h6 16. h4 Bb7 17. g4 g5 18. hxg5 Bxg5 19. Qe2 Qe7 20. f3 Rad8 21. Kg2
Bf4 22. Rh1 Kg7 23. Rh5 Rh8 24. Qf2 Qf6 25. Ne2 Bg5 26. Ng1 Rdg8 27. Qb6 Bc8
28. a4 Qd8 29. Qb8 Bd7 30. Qxe5+ Bf6 1/2-1/2

[Event "Tournoi francophone 010 Groupe C"]
[Site "Skype"]
[Date "????.??.??"]
[Round "9.5"]
[White "Martin, Jean-Claude"]
[Black "De Coninck, Philippe"]
[Result "0-1"]
[WhiteElo "1389"]
[BlackElo "1354"]
[PlyCount "42"]

1. d4 d5 2. c4 Nf6 3. Nc3 c6 4. Nf3 Bg4 5. Ne5 Nbd7 6. Nxg4 Nxg4 7. cxd5 cxd5
8. Nxd5 e6 9. Nc3 Bb4 10. Bd2 Ngf6 11. Rc1 Rc8 12. Nb5 Bxd2+ 13. Qxd2 Nb6 14.
Nxa7 Rxc1+ 15. Qxc1 O-O 16. e3 Nbd5 17. Nb5 Qa5+ 18. Nc3 Rc8 19. a3 Nxc3 20.
bxc3 Rxc3 21. Qd2 Ne4 0-1